LEADER 00946nam a2200229 i 4500 001 000000244280 003 CaOOAMICUS 005 20150911000000.0 008 150911s2006 it u000 u fre u 013 $a223185 040 $aSeMil$bita 100 1 $aFourier, Charles,$d<1772-1837>.$0(OLS)http://semarc/name/55234 245 13$aLa théorie des quatre mouvements et des destinées générales /$cCharles Fourier. 260 $a[Milano] :$bCofide,$c2006. 300 $a331 p. ;$c25 cm. 500 $aIn custodia. - Esemplare n. 46. 650 4$aEconomia politica - Teorie.$0(OLS)http://semarc/subject/4975 850 $aSeMil 852 $aSeMil$W1$xVenegono$y1$m3M V 222$j194626$B194626$CSeMilBibl$Z2$F205994 $81 961 $aOmaggio: Martinelli don Romano 996 $6245$aLa théorie des quatre mouvements et des destinées générales$9(OLS)http://semarc/title/346282 996 $6260$a[Milano] :$bCofide$9(OLS)http://semarc/publisher/39288 LEADER 01544nam a2200337 i 4500 001 000000257184 003 CaOOAMICUS 005 20180212000000.0 008 180212s2005 it u000 u ita u 013 $a236092 020 $a88-8371-169-6 040 $aSeMil$bita 100 0 $aBenedictus XVI,$c.$0(OLS)http://semarc/name/298 245 10$aDio esiste? :$bun confronto su verità, fede, ateismo, moderato da Gad Lerner /$cJoseph Ratzinger, Paolo Flores d'Arcais. 260 $aRoma :$bDonzelli,$cstampa 2005. 300 $a111 p. ;$c21 cm. 490 0 $aIl fondaco di Micro Mega 500 $aContiene anche: La verità cattolica, di J. Ratzinger; Ateismo e verità, di P. Flores D'Arcais. - Suppl. a: MicroMega, n. 2 (2005). 650 4$aItalia - Politica - 1993-1995.$0(OLS)http://semarc/subject/18431 700 1 $aFlores d'Arcais, Paolo,$d<1944- >.$0(OLS)http://semarc/name/4144 830 3$aIl fondaco di Micro Mega.$0(OLS)http://semarc/title/10284 850 $aSeMil 852 $aSeMil$W1$xVenegono$y1$m2D VII 5$j207530$B207530$CSeMilBibl$Z2$F221752 $81 900 1 $aRatzinger, Joseph,$d<1927-2022>. 900 0 $aBenedetto XVI$c. 961 $aOmaggio: Altro 996 $6020$a88-8371-169-6$9(OLS)http://semarc/number/281826 996 $6245$aDio esiste? :$bun confronto su verità, fede, ateismo, moderato da Gad Lerner$9(OLS)http://semarc/title/412707 996 $6260$aRoma :$bDonzelli$9(OLS)http://semarc/publisher/31453